[Event "CZE-chT2A 2223"]
[Site "Czech Republic"]
[Date "2022.11.06"]
[Round "2.1"]
[White "Miesbauer, Jan"]
[Black "Houska, Jiri"]
[Result "1/2-1/2"]
[WhiteElo "2427"]
[BlackElo "2210"]
[PlyCount "76"]
[EventDate "2022.10.16"]
[EventType "team-tourn"]
[EventRounds "11"]
[EventCountry "CZE"]
[SourceTitle "EXT 2024"]
[Source "ChessBase"]
[SourceDate "2023.10.10"]
[SourceVersion "1"]
[SourceVersionDate "2023.10.10"]
[SourceQuality "1"]
[WhiteTeam "Pisek"]
[BlackTeam "Plzen"]
[WhiteTeamCountry "CZE"]
[BlackTeamCountry "CZE"]

1. e4 c5 2. Nf3 d6 3. d4 cxd4 4. Nxd4 Nf6 5. Nc3 g6 6. Be2 Bg7 7. g4 Bxg4 8. Be3 Bxe2 9. Qxe2 0-0 10. 0-0-0 Qa5 11. h4 Rc8 12. f3 Rxc3 13. bxc3 Qxc3 14. Qd3 Qa5 15. Qb3 Nbd7 16. Kb1 Nc5 17. Qb5 Qc3 18. Rhe1 a6 19. Qb2 Na4 20. Qxb7 Rc8 21. Qb3 Qxb3+ 22. axb3 Nc3+ 23. Kb2 Nxd1+ 24. Rxd1 Nd7 25. c3 Ne5 26. Bd2 Nc6 27. Nxc6 Rxc6 28. b4 f5 29. Kb3 Kf7 30. c4 Bd4 31. Bc3 Bxc3 32. Kxc3 e5 33. Kb3 Ke6 34. Ra1 h6 35. Rg1 Kf6 36. Rd1 Ke6 37. Rg1 Kf6 38. Rd1 Ke6 1/2-1/2

[Event "CZE-ch"]
[Site "Plzen"]
[Date "2020.08.31"]
[Round "9"]
[White "Houska, Jiri"]
[Black "Vojta, Jakub"]
[Result "1-0"]
[WhiteElo "2202"]
[BlackElo "2093"]
[PlyCount "85"]
[EventDate "2020.08.23"]
[EventType "swiss"]
[EventRounds "9"]
[EventCountry "CZE"]
[SourceTitle "CBM 198 Extra"]
[Source "ChessBase"]
[SourceDate "2020.11.30"]
[SourceVersion "1"]
[SourceVersionDate "2020.11.30"]
[SourceQuality "1"]

1. d4 d5 2. c4 dxc4 3. Nf3 Nf6 4. e3 a6 5. Bxc4 b5 6. Bd3 Bb7 7. Qe2 e6 8. 0-0 Nbd7 9. a4 b4 10. e4 Be7 11. Nbd2 c5 12. e5 Nd5 13. Nb3 cxd4 14. Bd2 0-0 15. Rfc1 Nc3 16. bxc3 dxc3 17. Bf4 Bd5 18. Nfd4 Nc5 19. Bc2 Qb6 20. a5 Qb7 21. Qg4 Rfd8 22. Bh6 g6 23. Re1 Rac8 24. h4 Bf8 25. Bxf8 Kxf8 26. h5 Nxb3 27. Nxb3 Qe7 28. Rad1 Rc4 29. Rd4 Rxd4 30. Nxd4 Rb8 31. Nb3 Rb5 32. Re3 Bxb3 33. Bxb3 Rxa5 34. hxg6 hxg6 35. Qf4 Ke8 36. Rh3 Qf8 37. Qf6 Ra3 38. Bxe6 c2 39. Bxf7+ Kd7 40. Be6+ Kc7 41. Rh7+ Kb6 42. Qxf8 c1Q+ 43. Kh2 1-0

[Event "CZE-ch"]
[Site "Plzen"]
[Date "2020.08.28"]
[Round "6"]
[White "Hurdzan, Tomas"]
[Black "Houska, Jiri"]
[Result "1-0"]
[WhiteElo "2325"]
[BlackElo "2202"]
[PlyCount "73"]
[EventDate "2020.08.23"]
[EventType "swiss"]
[EventRounds "9"]
[EventCountry "CZE"]
[SourceTitle "CBM 198 Extra"]
[Source "ChessBase"]
[SourceDate "2020.11.30"]
[SourceVersion "1"]
[SourceVersionDate "2020.11.30"]
[SourceQuality "1"]

1. e4 c5 2. Nf3 d6 3. d4 cxd4 4. Nxd4 Nf6 5. Nc3 g6 6. Be3 Bg7 7. f3 0-0 8. Qd2 Nc6 9. Bc4 Bd7 10. 0-0-0 Rc8 11. Bb3 Ne5 12. Kb1 Re8 13. h4 h5 14. g4 hxg4 15. h5 Nxh5 16. Bh6 Bf6 17. Nd5 gxf3 18. Rdg1 e6 19. Nxf6+ Qxf6 20. Qf2 Rc5 21. Be3 Kf8 22. Bh6+ Kg8 23. Rh4 Qh8 24. Be3 Kf8 25. Qd2 Ke7 26. Rd1 Rec8 27. Nf5+ exf5 28. Qxd6+ Ke8 29. Bxc5 Rxc5 30. Qxc5 Qf6 31. exf5 Qxh4 32. Qxe5+ Qe7 33. Qh8+ Qf8 34. Qxf8+ Kxf8 35. Rxd7 g5 36. f6 Ke8 37. Rd5 1-0

[Event "CZE-ch"]
[Site "Plzen"]
[Date "2020.08.27"]
[Round "5"]
[White "Houska, Jiri"]
[Black "Stinka, Jakub"]
[Result "1-0"]
[WhiteElo "2202"]
[BlackElo "2299"]
[PlyCount "45"]
[EventDate "2020.08.23"]
[EventType "swiss"]
[EventRounds "9"]
[EventCountry "CZE"]
[SourceTitle "CBM 198 Extra"]
[Source "ChessBase"]
[SourceDate "2020.11.30"]
[SourceVersion "1"]
[SourceVersionDate "2020.11.30"]
[SourceQuality "1"]

1. d4 Nf6 2. Nf3 e6 3. c4 Bb4+ 4. Bd2 c5 5. Bxb4 cxb4 6. g3 0-0 7. Bg2 d6 8. 0-0 Nc6 9. Nbd2 e5 10. d5 Nb8 11. c5 e4 12. Ng5 e3 13. Nde4 exf2+ 14. Rxf2 Ng4 15. Rf4 h6 16. Nh3 Ne3 17. Qd2 Nxg2 18. Kxg2 dxc5 19. Nf6+ Kh8 20. Nf2 Nd7 21. N2e4 b6 22. Raf1 Bb7 23. Rh4 1-0

[Event "Prague Summer op 7th"]
[Site "Prague"]
[Date "2020.08.11"]
[Round "5"]
[White "Buchenau, Frank"]
[Black "Houska, Jiri"]
[Result "1-0"]
[WhiteElo "2318"]
[BlackElo "2202"]
[PlyCount "63"]
[EventDate "2020.08.08"]
[EventType "swiss"]
[EventRounds "9"]
[EventCountry "CZE"]
[SourceTitle "CBM 197 Extra"]
[Source "ChessBase"]
[SourceDate "2020.09.30"]
[SourceVersion "1"]
[SourceVersionDate "2020.09.30"]
[SourceQuality "1"]

1. e4 e6 2. d4 d5 3. Nd2 c5 4. Ngf3 Nf6 5. exd5 Nxd5 6. Nb3 cxd4 7. Nbxd4 Be7 8. Bc4 0-0 9. 0-0 Nc6 10. Nxc6 bxc6 11. Qe2 Qb6 12. a3 Bf6 13. Ne5 Rd8 14. Bd3 Bb7 15. Re1 c5 16. Ng4 Be7 17. c4 Nf6 18. Ne5 Bd6 19. Bf4 Qc7 20. Rad1 Rac8 21. Bg3 g6 22. Bf4 Nd7 23. Nxf7 Bxf4 24. Nxd8 Rxd8 25. Qxe6+ Kg7 26. Qe7+ Kg8 27. Bxg6 hxg6 28. Re6 Nf8 29. Rxg6+ Nxg6 30. Rxd8+ Qxd8 31. Qxd8+ Nf8 32. Qe7 1-0

[Event "CZE-chT2A 1819"]
[Site "Czech Republic"]
[Date "2019.01.13"]
[Round "6.1"]
[White "Rut, Vojtech"]
[Black "Houska, Jiri"]
[Result "1-0"]
[WhiteElo "2134"]
[BlackElo "2169"]
[PlyCount "63"]
[EventDate "2018.10.14"]
[EventType "team-tourn"]
[EventRounds "11"]
[EventCountry "CZE"]
[SourceTitle "EXT 2022"]
[Source "ChessBase"]
[SourceDate "2021.10.06"]
[SourceVersion "1"]
[SourceVersionDate "2021.10.06"]
[SourceQuality "1"]
[WhiteTeam "Ricany II"]
[BlackTeam "Line"]
[WhiteTeamCountry "CZE"]
[BlackTeamCountry "CZE"]

1. e4 c5 2. Nf3 d6 3. c3 Nf6 4. Be2 Nc6 5. d4 cxd4 6. cxd4 d5 7. e5 Ne4 8. 0-0 e6 9. Nc3 Be7 10. Bd3 Nxc3 11. bxc3 0-0 12. Rb1 b6 13. Re1 Bd7 14. h4 Bxh4 15. Nxh4 Qxh4 16. Re3 f5 17. exf6 Qxf6 18. Qc2 g6 19. Rg3 Kg7 20. Qd2 Ne7 21. Rf3 Nf5 22. g4 e5 23. dxe5 Qxe5 24. gxf5 Bxf5 25. Ba3 Rg8 26. Re1 Be4 27. Bxe4 dxe4 28. Qd7+ Kh8 29. Bd6 Qg5+ 30. Rg3 Qf5 31. Qxf5 gxf5 32. Be5+ 1-0

[Event "Olomouc IM-B 21st"]
[Site "Olomouc"]
[Date "2018.08.17"]
[Round "8"]
[White "Houska, Jiri"]
[Black "Wiley, Tom E"]
[Result "0-1"]
[WhiteElo "2203"]
[BlackElo "2207"]
[PlyCount "124"]
[EventDate "2018.08.11"]
[EventType "tourn"]
[EventRounds "9"]
[EventCountry "CZE"]
[EventCategory "1"]
[SourceTitle "CBM 186 Extra"]
[Source "ChessBase"]
[SourceDate "2018.08.24"]
[SourceVersion "1"]
[SourceVersionDate "2018.08.24"]
[SourceQuality "1"]

1. e4 e6 2. d4 d5 3. Nd2 Nf6 4. e5 Nfd7 5. Bd3 c5 6. c3 Nc6 7. Ngf3 h6 8. 0-0 g5 9. h3 h5 10. g4 hxg4 11. hxg4 Qb6 12. dxc5 Qc7 13. Re1 Ndxe5 14. Nxe5 Nxe5 15. Nf3 Nxd3 16. Qxd3 Bxc5 17. Be3 Bxe3 18. Rxe3 Qf4 19. Ne5 Bd7 20. Rd1 0-0-0 21. Qd4 Qxd4 22. cxd4 Rh7 23. Rc1+ Kb8 24. Rf3 Be8 25. Rf6 Rc8 26. Rxc8+ Kxc8 27. Nf3 Rg7 28. Rh6 Kd8 29. Kg2 Ke7 30. Rh1 f6 31. Rc1 Bc6 32. Kg3 Rh7 33. a3 Kd6 34. Re1 Be8 35. Nd2 Bg6 36. Rc1 Rc7 37. Rxc7 Kxc7 38. f4 gxf4+ 39. Kxf4 Kd6 40. Ke3 Bc2 41. Nf1 Bd1 42. Nh2 e5 43. Kd2 Ba4 44. g5 fxg5 45. Nf3 exd4 46. Nxg5 Kc5 47. Nf3 Kc4 48. Kc1 Kd3 49. Nd2 Bd7 50. Nf3 Bf5 51. Nd2 Bg6 52. Nf3 Be4 53. Nd2 Ke2 54. Nb3 d3 55. Nd2 Bg6 56. Nb1 Be8 57. Nd2 a5 58. b3 a4 59. bxa4 Bxa4 60. Nb1 Bc2 61. Nc3+ Ke1 62. Nxd5 d2+ 0-1

[Event "Olomouc IM-B 21st"]
[Site "Olomouc"]
[Date "2018.08.15"]
[Round "6"]
[White "Mullick, Raahil"]
[Black "Houska, Jiri"]
[Result "1-0"]
[WhiteElo "2201"]
[BlackElo "2203"]
[PlyCount "59"]
[EventDate "2018.08.11"]
[EventType "tourn"]
[EventRounds "9"]
[EventCountry "CZE"]
[EventCategory "1"]
[SourceTitle "CBM 186 Extra"]
[Source "ChessBase"]
[SourceDate "2018.08.24"]
[SourceVersion "1"]
[SourceVersionDate "2018.08.24"]
[SourceQuality "1"]

1. e4 c5 2. Nf3 d6 3. d4 cxd4 4. Nxd4 Nf6 5. Nc3 g6 6. Be3 Bg7 7. f3 0-0 8. Qd2 Nc6 9. Bc4 Bd7 10. 0-0-0 Rc8 11. Bb3 Ne5 12. Kb1 Re8 13. g4 b5 14. Nd5 Nxd5 15. exd5 Nc4 16. Bxc4 bxc4 17. c3 Qa5 18. Nc2 Ba4 19. Rc1 Bxc2+ 20. Rxc2 Rb8 21. Rd1 Rb5 22. Ka1 Reb8 23. h4 Rxb2 24. Rxb2 Bxc3 25. Qxc3 Qxc3 26. Bd4 Rxb2 27. Bxc3 Rc2 28. Bd4 a6 29. g5 Rh2 30. Rb1 1-0

[Event "Olomouc IM-B 21st"]
[Site "Olomouc"]
[Date "2018.08.14"]
[Round "5"]
[White "Houska, Jiri"]
[Black "Richterova, Natasa"]
[Result "1/2-1/2"]
[WhiteElo "2203"]
[BlackElo "2140"]
[PlyCount "61"]
[EventDate "2018.08.11"]
[EventType "tourn"]
[EventRounds "9"]
[EventCountry "CZE"]
[EventCategory "1"]
[SourceTitle "CBM 186 Extra"]
[Source "ChessBase"]
[SourceDate "2018.08.24"]
[SourceVersion "1"]
[SourceVersionDate "2018.08.24"]
[SourceQuality "1"]

1. d4 d5 2. c4 c6 3. Nc3 Nf6 4. Nf3 e6 5. Bg5 Nbd7 6. e3 Qa5 7. cxd5 exd5 8. Bd3 Ne4 9. 0-0 Nxg5 10. Nxg5 Nf6 11. Qc2 h6 12. Nf3 Be7 13. a3 Qd8 14. b4 a6 15. Na4 0-0 16. Nc5 Bd6 17. Ne5 Bxe5 18. dxe5 Ng4 19. Qc3 Qe7 20. f4 Nxe3 21. Rf3 Nf5 22. g4 Nh4 23. Rg3 Re8 24. Re1 a5 25. bxa5 Qc7 26. Nb3 Ng6 27. Bxg6 fxg6 28. Qd4 Ra6 29. e6 b6 30. f5 Qd8 31. axb6 1/2-1/2

[Event "Pardubice Czech op-A 29th"]
[Site "Pardubice"]
[Date "2018.07.20"]
[Round "1"]
[White "Praggnanandhaa, Rameshbabu"]
[Black "Houska, Jiri"]
[Result "1-0"]
[WhiteElo "2529"]
[BlackElo "2248"]
[PlyCount "173"]
[EventDate "2018.07.20"]
[EventType "swiss"]
[EventRounds "9"]
[EventCountry "CZE"]
[SourceTitle "CBM 185 Extra"]
[Source "ChessBase"]
[SourceDate "2018.07.29"]
[SourceVersion "1"]
[SourceVersionDate "2018.07.29"]
[SourceQuality "1"]

1. Nf3 c5 2. g3 Nc6 3. Bg2 g6 4. 0-0 Bg7 5. c3 Nf6 6. d4 cxd4 7. cxd4 d5 8. Nc3 Ne4 9. Bf4 Nxc3 10. bxc3 0-0 11. Rb1 Qa5 12. Qb3 Bf5 13. Rb2 b6 14. Ng5 Rad8 15. Rd1 h6 16. Nf3 Be4 17. Bh3 Bxf3 18. exf3 e5 19. Be3 exd4 20. cxd4 Qa6 21. Bf1 Qb7 22. Qa4 Nb8 23. Rc1 Rc8 24. Rbc2 a6 25. Qb3 Rxc2 26. Qxc2 b5 27. Qc5 Rd8 28. Bf4 Bf8 29. Qc3 Bg7 30. Bh3 Qa7 31. Qc7 Qxc7 32. Bxc7 Re8 33. Bb6 f5 34. Rc7 Bf8 35. Ba7 Bd6 36. Rb7 Nc6 37. Rb6 Nxa7 38. Rxd6 Kf7 39. Rxa6 Nc8 40. Bf1 Re1 41. Kg2 Rb1 42. g4 Ne7 43. h4 b4 44. Ra4 Nc6 45. gxf5 gxf5 46. Bd3 Rb2 47. Bxf5 Nxd4 48. Bd3 Ne2 49. Bxe2 Rxe2 50. Rxb4 Rxa2 51. Rb6 Kg7 52. Rd6 Rd2 53. Kg3 d4 54. f4 Rd1 55. f5 d3 56. f6+ Kf7 57. Kg4 Rf1 58. f4 d2 59. Rxd2 Kxf6 60. Rd6+ Kg7 61. Kf5 Rh1 62. Rd7+ Kg8 63. Kg6 Rg1+ 64. Kxh6 Rg4 65. f5 Rxh4+ 66. Kg6 Rg4+ 67. Kf6 Ra4 68. Rd8+ Kh7 69. Ke7 Ra7+ 70. Rd7 Ra8 71. Rb7 Rc8 72. Ra7 Rb8 73. Kf7 Rc8 74. Re7 Ra8 75. Rb7 Rc8 76. Ra7 Rb8 77. f6 Rb1 78. Re7 Rb8 79. Re6 Rb7+ 80. Kf8 Rb8+ 81. Re8 Rb1 82. f7 Rb7 83. Re1 Rb8+ 84. Ke7 Rb7+ 85. Kf6 Rb6+ 86. Re6 Rb8 87. Re8 1-0

[Event "Olomouc op 20th"]
[Site "Olomouc"]
[Date "2017.08.18"]
[Round "8"]
[White "Kula, Dominik"]
[Black "Houska, Jiri"]
[Result "0-1"]
[WhiteElo "2153"]
[BlackElo "2202"]
[PlyCount "40"]
[EventDate "2017.08.12"]
[EventType "swiss"]
[EventRounds "9"]
[EventCountry "CZE"]
[SourceTitle "CBM 180 Extra"]
[Source "ChessBase"]
[SourceDate "2017.10.06"]
[SourceVersion "1"]
[SourceVersionDate "2017.10.06"]
[SourceQuality "1"]

1. e4 c5 2. Nf3 d6 3. d4 cxd4 4. Nxd4 Nf6 5. Nc3 g6 6. Be2 Bg7 7. 0-0 0-0 8. Bg5 Nc6 9. Nb3 Be6 10. f4 Na5 11. f5 Bc4 12. Re1 Rc8 13. Bf3 Nc6 14. g3 Ne5 15. Bg2 Nfg4 16. Nd5 Bxd5 17. exd5 Qb6+ 18. Nd4 Rxc2 19. Re4 Rxb2 20. Rf4 Rxg2+ 0-1

[Event "Prague Holiday M21"]
[Site "Prague"]
[Date "2016.07.24"]
[Round "2"]
[White "Wulf von Moers, Jens"]
[Black "Houska, Jiri"]
[Result "1/2-1/2"]
[WhiteElo "2180"]
[BlackElo "2206"]
[PlyCount "58"]
[EventDate "2016.07.24"]
[EventType "tourn"]
[EventRounds "9"]
[EventCountry "CZE"]
[SourceTitle "EXT 2023"]
[Source "ChessBase"]
[SourceDate "2022.10.05"]
[SourceVersion "1"]
[SourceVersionDate "2022.10.05"]
[SourceQuality "1"]

1. Nf3 Nf6 2. c4 g6 3. d4 Bg7 4. g3 d5 5. cxd5 Nxd5 6. Bg2 Nb6 7. 0-0 Nc6 8. e3 0-0 9. Nc3 Re8 10. h3 a5 11. Re1 a4 12. Rb1 h6 13. Kh2 Be6 14. b3 axb3 15. axb3 f5 16. Bb2 Nd5 17. Rc1 Nxc3 18. Rxc3 Bd5 19. Rc5 e6 20. Nh4 Bf8 21. Bxd5 exd5 22. Rb5 b6 23. Nxg6 Na7 24. Nxf8 Nxb5 25. Ng6 Nd6 26. Qf3 c6 27. Rc1 Ra2 28. Rc2 Re6 29. Ne5 Qe8 1/2-1/2